Statistics for NBA Players By Jersey Number (2012-2013)

Click here to take the quiz!

General Stats

  • This quiz has been taken 1,881 times
  • The average score is 37 of 108

Answer Stats

PlayerNo.% Correct
Kobe Bryant24
99%
LeBron James6
99%
Russell Westbrook0
95%
Derrick Rose1
95%
Dwyane Wade3
95%
Kevin Durant35
94%
Dwight Howard12
86%
Chris Paul3
86%
Carmelo Anthony7
81%
Dirk Nowitzki41
80%
Rajon Rondo9
79%
Blake Griffin32
72%
Tony Parker9
70%
Kyrie Irving2
68%
Kevin Love42
66%
Kevin Garnett5
64%
Chris Bosh1
63%
LaMarcus Aldridge12
63%
James Harden13
61%
Paul Pierce34
60%
Tim Duncan21
57%
Deron Williams8
56%
Manu Ginobili20
54%
John Wall2
53%
Steve Nash10
52%
Andre Iguodala9
52%
Monta Ellis11
50%
Pau Gasol16
48%
Amar'e Stoudemire1
46%
Joe Johnson7
44%
Stephen Curry30
42%
DeMarcus Cousins15
40%
Rudy Gay22
40%
Luol Deng9
40%
Anthony Davis23
38%
Marc Gasol33
38%
Kawhi Leonard2
37%
Josh Smith5
37%
DeAndre Jordan6
37%
Damion Lillard0
36%
Klay Thompson11
36%
Kemba Walker15
36%
Danny Granger33
35%
Joakim Noah13
34%
Roy Hibbert55
34%
Ray Allen34
33%
Eric Gordon10
32%
Zach Randolph50
32%
Jeremy Lin17
30%
Brook Lopez11
29%
Tyson Chandler6
29%
Serge Ibaka9
28%
Mike Conley11
27%
Ty Lawson3
25%
J.R. Smith8
25%
Kenneth Faried35
24%
Danilo Gallinari8
24%
Al Jefferson25
23%
Jason Kidd5
23%
Ricky Rubio9
22%
Nene Hilario42
21%
Goran Dragic1
20%
Jrue Holiday11
20%
Andrew Bogut12
20%
Tony Allen9
20%
Avery Bradley0
19%
Chauncey Billups1
19%
Kyle Lowry3
19%
JaVale McGee34
19%
Tyreke Evans13
18%
Michael Kidd-Gilchrist14
18%
Kevin Martin23
17%
Shane Battier31
17%
Arron Afflalo4
17%
Carlos Boozer5
17%
Lamar Odom7
17%
Mario Chalmers15
16%
Iman Shumpert21
16%
Nicolas Batum88
16%
Andrew Bynum33
15%
Gerald Wallace45
14%
Mo Williams5
14%
Ersan Ilyasova7
14%
Brandon Roy3
13%
Brandon Jennings3
13%
Marcin Gortat4
13%
Greg Monroe10
12%
Derrick Favors15
12%
Thabo Sefolosha2
12%
Caron Butler5
12%
Rashard Lewis9
12%
Shawn Marion0
11%
Rodney Stuckey3
11%
Andrea Bargnani7
11%
Jose Calderon8
11%
Evan Turner12
10%
Wilson Chandler21
10%
Paul Millsap24
10%
Antawn Jamison4
10%
Jason Terry4
10%
Ben Gordon8
10%
O.J. Mayo32
9%
Kris Humphries43
9%
David West21
8%
Devin Harris34
8%
Nikola Pekovic14
7%
Marcus Thornton23
7%
Samuel Dalembert21
4%

Score Distribution

Percentile by Number Answered

Percent of People with Each Score

Your Score History

You have not taken this quiz